<?xml version="1.0" encoding="UTF-8"?><?xml-stylesheet type="text/xsl" href="static/style.xsl"?><OAI-PMH xmlns="http://www.openarchives.org/OAI/2.0/" xmlns:xsi="http://www.w3.org/2001/XMLSchema-instance" xsi:schemaLocation="http://www.openarchives.org/OAI/2.0/ http://www.openarchives.org/OAI/2.0/OAI-PMH.xsd"><responseDate>2026-06-04T03:20:45Z</responseDate><request verb="GetRecord" identifier="oai:riuma.uma.es:10630/23968" metadataPrefix="marc">https://riuma.uma.es/rest/oai/request</request><GetRecord><record><header><identifier>oai:riuma.uma.es:10630/23968</identifier><datestamp>2026-02-03T11:57:40Z</datestamp><setSpec>com_10630_2254</setSpec><setSpec>col_10630_37959</setSpec></header><metadata><record xmlns="http://www.loc.gov/MARC21/slim" xmlns:dcterms="http://purl.org/dc/terms/" xmlns:doc="http://www.lyncode.com/xoai" xmlns:xsi="http://www.w3.org/2001/XMLSchema-instance" xsi:schemaLocation="http://www.loc.gov/MARC21/slim http://www.loc.gov/standards/marcxml/schema/MARC21slim.xsd">
   <leader>00925njm 22002777a 4500</leader>
   <datafield ind2=" " ind1=" " tag="042">
      <subfield code="a">dc</subfield>
   </datafield>
   <datafield ind2=" " ind1=" " tag="720">
      <subfield code="a">Monedero-Morales, Carmen del Rocío</subfield>
      <subfield code="e">author</subfield>
   </datafield>
   <datafield ind2=" " ind1=" " tag="260">
      <subfield code="c">2022-04-07</subfield>
   </datafield>
   <datafield ind2=" " ind1=" " tag="520">
      <subfield code="a">En la presente investigación se han analizado los informativos nocturnos de las televisiones generalistas de ámbito nacional que emiten en abierto en España al objeto de confrontar la presencia y el tratamiento que reciben las informaciones sobre derechos humanos y migraciones. Partimos de la hipótesis de la escasa dedicación temporal que los informativos televisados generalistas otorgan a las informaciones referidas a derechos humanos y migraciones, especialmente tras la pandemia del COVID 2019, y de la poca atención que se presta al territorio más próximo en este tipo de temáticas. Además, el enfoque que se da a las noticas migratorias suele ser más cercano a los sucesos que a lo humanitario. &#xd;
Para la consecución los objetivos marcados se ha utilizado una metodología mixta, por un lado, de corte cuantitativo a través de la adaptación del IRSCOM (Indicador de Rentabilidad Social en Comunicación), diseñado por COMandalucia, a las televisiones generalistas de ámbito nacional públicas y privadas en tres oleadas durante el año 2021 (del 15 al 21 de marzo, del 12 al 18 de abril, del 6 al 12 de septiembre y del 26 de septiembre al 2 de octubre). Por otro lado, se aplicaron técnicas cualitativas a través del empleo del Análisis Crítico del Discurso. La conclusión principal que extraemos a tenor de los resultados obtenidos es la poca atención que los informativos prestan a los tópicos ya mencionados, no pudiéndose observar una clara diferenciación entre el ente público y los canales comerciales. Este comportamiento general, que se acentuó con la erupción del volcán de La Palma (Canarias), muestra una clara tendencia hacia la espectacularización de las agendas informativas y a la reducción de la diversidad de asuntos tratados.</subfield>
   </datafield>
   <datafield ind1="8" ind2=" " tag="024">
      <subfield code="a">https://hdl.handle.net/10630/23968</subfield>
   </datafield>
   <datafield tag="653" ind2=" " ind1=" ">
      <subfield code="a">Derechos políticos y civiles</subfield>
   </datafield>
   <datafield tag="653" ind2=" " ind1=" ">
      <subfield code="a">Televisión - Programas informativos</subfield>
   </datafield>
   <datafield tag="653" ind2=" " ind1=" ">
      <subfield code="a">Emigración e inmigración</subfield>
   </datafield>
   <datafield tag="653" ind2=" " ind1=" ">
      <subfield code="a">Refugiados</subfield>
   </datafield>
   <datafield tag="653" ind2=" " ind1=" ">
      <subfield code="a">Información pública</subfield>
   </datafield>
   <datafield tag="653" ind2=" " ind1=" ">
      <subfield code="a">Tratamiento humano de la información</subfield>
   </datafield>
   <datafield ind2="0" ind1="0" tag="245">
      <subfield code="a">Derechos humanos y migraciones en los informativos de televisión generalistas españoles</subfield>
   </datafield>
</record>
</metadata></record></GetRecord></OAI-PMH>